Central Library OPAC University of Rajshahi

Marital disputes and counselling / (Record no. 34631)

MARC details
000 -LEADER
fixed length control field 00826nam a22002537a 4500
001 - CONTROL NUMBER
control field 34631
003 - CONTROL NUMBER IDENTIFIER
rucl marc code BD-RjUL
005 - DATE AND TIME OF LATEST TRANSACTION
control field 20211209052205.0
008 - FIXED-LENGTH DATA ELEMENTS--GENERAL INFORMATION
fixed length control field 140518s1997 i ||||| |||| 001 0 eng d
020 ## - INTERNATIONAL STANDARD BOOK NUMBER
International Standard Book Number 8170248019 (set)
035 ## - SYSTEM CONTROL NUMBER
System control number (BD-RjUL)34725
040 ## - CATALOGING SOURCE
Original cataloging agency BD-RjUL
Language of cataloging eng
Transcribing agency BD-RjUL
Modifying agency BD-RjUL
041 ## - LANGUAGE CODE
Language code of text/sound track or separate title eng
082 ## - DEWEY DECIMAL CLASSIFICATION NUMBER
Edition number 23
Classification number 361.06
Author mark and year MAR 1997
245 00 - TITLE STATEMENT
Title Marital disputes and counselling /
Statement of responsibility, etc. edited by Mamta sehgal Manju Goel; Nirmala Sherjung
260 ## - PUBLICATION, DISTRIBUTION, ETC. (IMPRINT)
Place of publication, distribution, etc. New Delhi :
Name of publisher, distributor, etc. Aph Publishing Corporation,
Date of publication, distribution, etc. 1997.
300 ## - PHYSICAL DESCRIPTION
Pagination V. ;
Size 19 cm.
504 ## - BIBLIOGRAPHY, ETC. NOTE
Bibliography, etc Includes index.
505 0# - FORMATTED CONTENTS NOTE
Formatted contents note V.1 Counselling methodology.--v. 2. Diagnostic techniques. -- v. 3. Remedial measures.
650 ## - SUBJECT ADDED ENTRY--TOPICAL TERM
Topical term or geographic name as entry element Marriage counseling
9 (RLIN) 105278
700 ## - ADDED ENTRY--PERSONAL NAME
Personal name Mamta sehgal
Personal name Nirmala Sherjung
942 ## - ADDED ENTRY ELEMENTS (KOHA)
Source of classification or shelving scheme Dewey Decimal Classification
Koha item type Books
Holdings
Lost status Source of classification or shelving scheme Damaged status Not for loan Collection code Permanent Location Current Location Shelving location Date acquired Source of acquisition Cost, normal purchase price Total Checkouts Full call number Date last seen Copy number Koha item type
  Dewey Decimal Classification   Not For Loan Non-fiction Central Library, University of Rajshahi Central Library, University of Rajshahi Reading Room 13/12/1997 Ankur prakashani, Dhaka 250.00   361.06 MAR V-2 1997 18/05/2014 C-1 Books
  Dewey Decimal Classification     Non-fiction Central Library, University of Rajshahi Central Library, University of Rajshahi   13/12/1997 Dhaka Ankur prakashani 250.00   361.06 MAR V-2 1997 19/05/2014 C-2 Books
  Dewey Decimal Classification   Not For Loan Non-fiction Central Library, University of Rajshahi Central Library, University of Rajshahi Reading Room 13/12/1997 Ankur Prokasoni, Dhaka 250.00   361.06 MAR V-1 1997 10/12/2016 C-1 Books
  Dewey Decimal Classification     Non-fiction Central Library, University of Rajshahi Central Library, University of Rajshahi   13/12/1997 Ankur Prokasoni, Dhaka 250.00   361.06 MAR V-1 1997 10/12/2016 C-2 Books
  Dewey Decimal Classification   Not For Loan Non-fiction Central Library, University of Rajshahi Central Library, University of Rajshahi Reading Room 13/12/1997 Ankur Prokasoni, Dhaka 250.00   361.06 MAR V-3 1997 10/12/2016 C-1 Books
  Dewey Decimal Classification     Non-fiction Central Library, University of Rajshahi Central Library, University of Rajshahi   13/12/1997 Ankur Prokasoni, Dhaka 250.00   361.06 MAR V-3 1997 10/12/2016 C-2 Books